zpět

Detail výsledku týmu

Café Hostel, České Budějovice

Datum a čas kvízu

30 Celkem bodů Celkový počet nahraných bodů na tomto kvízu bez doplňovacích otázek.
5. Pořadí na kvízu Konečné umístění týmu na tomto kvízu.

Zaznamenané odpovědi

# Otázka Odpověď Body Výsledky
1. Obvodní soud pro Prahu 1 ve čt... posprejování jednoho pilíře Karlova mostu 1
2. Nestává se příliš často, aby p... A$AP Rocky 0
3. Minulý týden byla oznámena cel... agentem 007 bude černoška 1
4. Britská telekomunikační skupin... UPC 1
5. Nedávno jsme se v jedné z aktu... Senegal - Alžírsko 0
6. V tomto tématu se zaměříme jak... faraonský 0
7. Označení pro samici králíka do... ramlice 1
8. Tento druh kozy pochází ze stř... kašmír 1
9. Tato část trávicího ústrojí př... bachor 1
10. V poslední době je k vidění st... C 1